Lasery a fotodetektory /

Gespeichert in:
Bibliographische Detailangaben
1. Verfasser: Hábovčík, Peter (Verfasst von)
Format: Buch
Sprache:Slowakisch
Veröffentlicht: Bratislava : STU v Bratislave, 1984
Ausgabe:1.vyd.
Tags: Tag hinzufügen
Keine Tags, Fügen Sie das erste Tag hinzu!

MARC

LEADER 00000nam a22000003a 4500
001 stu6953
005 20150617225809.5
008 940801s1984----cs------------------slo-d
040 |a STU  |b slo 
041 0 |a slo 
044 |a cs 
100 1 |a Hábovčík, Peter  |4 aut  |u E210  |U FEI Fakulta elektrotechniky a informatiky  |T FEI Katedra mikroelektroniky  |U E210  |Y 68 
245 1 |a Lasery a fotodetektory /  |c [aut.] Hábovčík,Peter 
250 |a 1.vyd. 
260 |a Bratislava :  |b STU v Bratislave,  |c 1984 
300 |a 287 s 
996 |b 284ES03295  |c E*S-21310  |l EE01  |s A  |a 24  |w stu6953_0002 
996 |b 284ES09295  |c E*S-21309  |l EE01  |s A  |a 24  |w stu6953_0004 
996 |b 284ES16684  |c E*S-21315  |l EE01  |s A  |a 24  |w stu6953_0007 
996 |b 284ES03293  |c E*S-34557  |l EE01  |s A  |a 24  |w stu6953_0009 
996 |b 284ES03299  |c E*S-36961  |l EE01  |s A  |a 24  |w stu6953_0010 
996 |b 284EK09058  |c E*55333  |l EE0105  |s P  |a 0  |w stu6953_0012